000 00534nam a2200169 i 4500
001 142820
003 ES-MaACL
005 20250925063045.0
007 t|
008 071010s1940 sp ||||1| spa d
100 1 _aVicens Vives, Jaime,
_d1910-1960
_9114319
245 1 0 _aEspaña
_b: geopolítica del estado y del imperio /
_cJaime Vicens Vives.
260 _aBarcelona :
_b[s.n.],
_c[1940] (
_fAntonio J. Rovira)
300 _a215 p. :
_bil. ;
_c23 cm.
852 _aES-MaACL
_jA-5232
_bR.18273
999 _c142820
_d142820